00598nam a2200169Ia 4500008004100000020001800041100002700059245007100086250000600157260002100163500002400184650002800208942000700236952008400243952008400327999001700411230524s9999 xx 000 0 und d a9788183556330 awww.gkpublications.com 0aGATE Papers (1995-2012) & Practice Papers- Mechanical Engineering a1 aNoidabGKPc2012 aQuantity Number: 2 aPersonality Development cBK 00104070aTATCLbTATCLcGENd2023-05-24l0p47284r2023-05-24w2023-05-24yBK 00104070aTATCLbTATCLcGENd2023-05-24l0p47285r2023-05-24w2023-05-24yBK c52309d52309